[Event "Arvier Grand Paradis op-A 4th"]
[Site "Arvier"]
[Date "2017.08.03"]
[Round "5.5"]
[White "Romagnoli, Franco"]
[Black "Ciuffoletti, Paolo"]
[Result "1/2-1/2"]
[WhiteElo "1994"]
[BlackElo "2132"]
[PlyCount "105"]
[EventDate "2017.07.30"]
[EventType "swiss"]
[EventRounds "7"]
[EventCountry "ITA"]
[SourceTitle "EXT 2023"]
[Source "ChessBase"]
[SourceDate "2022.10.05"]
[SourceVersion "1"]
[SourceVersionDate "2022.10.05"]
[SourceQuality "1"]

1. e4 c5 2. Nf3 Nc6 3. Bb5 e6 4. Bxc6 bxc6 5. 0-0 d5 6. Re1 Nf6 7. e5 Nd7 8. d3 Be7 9. Nc3 0-0 10. Ne2 f6 11. exf6 Bxf6 12. Nf4 Nb6 13. Nxe6 Bxe6 14. Rxe6 Qd7 15. Re1 Qf5 16. Qd2 Rfe8 17. Rb1 c4 18. Qf4 Qg6 19. Qg3 Qf5 20. Qf4 Rxe1+ 21. Nxe1 Re8 22. Be3 Qxf4 23. Bxf4 Bxb2 24. Kf1 Bc3 25. dxc4 Bxe1 26. Rxe1 Rxe1+ 27. Kxe1 Nxc4 28. Ke2 Kf7 29. Kd3 c5 30. Bb8 a6 31. Ba7 Ne5+ 32. Ke3 Nd7 33. Kf4 Kf6 34. h4 g6 35. g4 h6 36. Ke3 g5 37. hxg5+ hxg5 38. f4 Kg6 39. fxg5 Kxg5 40. Kf3 Ne5+ 41. Kg3 Nd7 42. a4 Nf6 43. Kf3 Nd7 44. a5 Ne5+ 45. Kg3 Nxg4 46. Bxc5 Ne5 47. Bb6 Kf5 48. Kf2 Ke4 49. Ke2 d4 50. Kd2 Kd5 51. c3 Nc4+ 52. Kd3 Ne5+ 53. Kd2 1/2-1/2

[Event "Arvier Grand Paradis op-A 4th"]
[Site "Arvier"]
[Date "2017.07.31"]
[Round "2.6"]
[White "Romagnoli, Franco"]
[Black "Oppici, Gabriele"]
[Result "0-1"]
[WhiteElo "1994"]
[BlackElo "1993"]
[PlyCount "36"]
[EventDate "2017.07.30"]
[EventType "swiss"]
[EventRounds "7"]
[EventCountry "ITA"]
[SourceTitle "EXT 2023"]
[Source "ChessBase"]
[SourceDate "2022.10.05"]
[SourceVersion "1"]
[SourceVersionDate "2022.10.05"]
[SourceQuality "1"]

1. e4 d6 2. d4 Nf6 3. Nc3 Nbd7 4. f4 e5 5. Nf3 exd4 6. Qxd4 c6 7. Bc4 d5 8. exd5 Bc5 9. Qd3 0-0 10. Bd2 Re8+ 11. Kf1 b5 12. Bb3 Bb7 13. g3 a5 14. a4 b4 15. dxc6 Bxc6 16. Nd5 Qc8 17. Nxf6+ Nxf6 18. Re1 Qh3# 0-1

[Event "Cremona Province-ch"]
[Site "Cremona"]
[Date "2014.03.19"]
[Round "3"]
[White "Romagnoli, Franco"]
[Black "Poli, Tiberio"]
[Result "1-0"]
[WhiteElo "2061"]
[BlackElo "1664"]
[PlyCount "65"]
[EventDate "2014.03.05"]
[EventType "tourn"]
[EventRounds "7"]
[EventCountry "ITA"]
[SourceTitle "EXT 2015"]
[Source "ChessBase"]
[SourceDate "2014.11.20"]
[SourceVersion "1"]
[SourceVersionDate "2014.11.20"]
[SourceQuality "1"]

1. e4 c5 2. b4 b6 3. bxc5 bxc5 4. Nc3 d6 5. Nf3 Nf6 6. Bc4 Bg4 7. 0-0 Nc6 8. Bb5 Bd7 9. Re1 e5 10. Bxc6 Bxc6 11. d3 Be7 12. Ne2 Bd7 13. Ng3 Bg4 14. h3 Be6 15. Ng5 h6 16. Nxe6 fxe6 17. Nh5 Nxh5 18. Qxh5+ Kd7 19. Rb1 Rb8 20. Bd2 Qg8 21. Rb3 Kc6 22. Reb1 Rxb3 23. Rxb3 g6 24. Qd1 Qf7 25. Qb1 Bh4 26. f3 g5 27. Ra3 Qb7 28. Rb3 Qf7 29. Ba5 h5 30. Rb6+ axb6 31. Qxb6+ Kd7 32. Qc7+ Ke8 33. Qd8# 1-0

[Event "Lodi op 1st"]
[Site "Lodi"]
[Date "2005.06.11"]
[Round "3"]
[White "Pylypchuk, Oleg"]
[Black "Romagnoli, Franco"]
[Result "1-0"]
[WhiteElo "2065"]
[BlackElo "2115"]
[PlyCount "69"]
[EventDate "2005.06.10"]
[EventType "swiss"]
[EventRounds "5"]
[EventCountry "ITA"]
[SourceTitle "EXT 2007"]
[Source "ChessBase"]
[SourceDate "2006.11.23"]
[SourceVersion "1"]
[SourceVersionDate "2006.11.23"]
[SourceQuality "1"]

1. e4 g6 2. d4 Bg7 3. c4 c6 4. Nc3 d6 5. Be3 Nd7 6. Qd2 Ngf6 7. f3 Qa5 8. Nge2 h5 9. h4 a6 10. a3 Qc7 11. Rc1 Nb6 12. Ng3 Nbd7 13. b4 Ng8 14. Be2 Bh6 15. 0-0 d5 16. e5 dxc4 17. Bxc4 Nxe5 18. dxe5 Qxe5 19. Bxh6 Nxh6 20. Rcd1 Bf5 21. Nxf5 Nxf5 22. Rfe1 Qc7 23. Qg5 Rd8 24. Qf6 Qb6+ 25. Kh1 Rf8 26. Nd5 Rxd5 27. Rxd5 Qf2 28. Rdd1 Ne3 29. Qg5 Nf5 30. Bd3 Qxh4+ 31. Qxh4 Nxh4 32. Be4 e6 33. g3 Nf5 34. Bxf5 gxf5 35. Rd4 1-0

[Event "Caorle op"]
[Site "Caorle"]
[Date "1989.??.??"]
[Round "4"]
[White "Pasqualin, Giorgio"]
[Black "Romagnoli, Franco"]
[Result "1-0"]
[WhiteElo "2045"]
[BlackElo "1925"]
[PlyCount "91"]
[EventDate "1989.07.??"]
[EventType "swiss"]
[EventRounds "8"]
[EventCountry "ITA"]
[SourceTitle "EXT 2000"]
[Source "ChessBase"]
[SourceDate "1999.11.16"]
[SourceVersion "1"]
[SourceVersionDate "1999.11.16"]
[SourceQuality "1"]

1. c4 Nf6 2. Nf3 d6 3. Nc3 e5 4. g3 Bg4 5. Bg2 c6 6. d3 Be7 7. h3 Bxf3 8. Bxf3 Nbd7 9. 0-0 0-0 10. Rb1 Ne8 11. b4 f5 12. b5 Qc7 13. bxc6 bxc6 14. Qa4 Rc8 15. Ba3 Nef6 16. Rb3 Nb6 17. Qa5 Nbd7 18. Qa6 Nb6 19. Bb4 Rfd8 20. Ba5 Nfd7 21. Na4 Nb8 22. Bxb6 Nxa6 23. Bxc7 Rxc7 24. e4 g6 25. Rfb1 Kg7 26. exf5 gxf5 27. Rb7 Rdd7 28. Bxc6 Rxb7 29. Bxb7 Nc5 30. Nxc5 dxc5 31. Bc8 Rxd3 32. Bxf5 Ra3 33. Rb7 Kf6 34. Bb1 Rc3 35. Bxh7 Rxc4 36. Rxa7 Rc1+ 37. Kg2 c4 38. Ra6+ Kg7 39. Re6 Bf6 40. Be4 Ra1 41. Rc6 Bd8 42. Rxc4 Rxa2 43. Rc2 Rxc2 44. Bxc2 Bg5 45. h4 Bd2 46. g4 1-0

[Event "Caorle op"]
[Site "Caorle"]
[Date "1989.??.??"]
[Round "8"]
[White "Romagnoli, Franco"]
[Black "Loebler, Heimo"]
[Result "1/2-1/2"]
[WhiteElo "1925"]
[BlackElo "2000"]
[PlyCount "34"]
[EventDate "1989.07.??"]
[EventType "swiss"]
[EventRounds "8"]
[EventCountry "ITA"]
[SourceTitle "EXT 2000"]
[Source "ChessBase"]
[SourceDate "1999.11.16"]
[SourceVersion "1"]
[SourceVersionDate "1999.11.16"]
[SourceQuality "1"]

1. e4 c5 2. b4 cxb4 3. a3 d5 4. exd5 Qxd5 5. Bb2 e5 6. Nf3 Nc6 7. axb4 Bxb4 8. Na3 Bg4 9. Be2 Nf6 10. Nb5 Rc8 11. Nxa7 Nxa7 12. Rxa7 0-0 13. 0-0 Rfe8 14. d3 Bc3 15. Qa1 Bxb2 16. Qxb2 b5 17. Ra5 Rb8 1/2-1/2

[Event "Caorle op"]
[Site "Caorle"]
[Date "1989.??.??"]
[Round "1"]
[White "Romagnoli, Franco"]
[Black "Lostuzzi, Manlio"]
[Result "0-1"]
[WhiteElo "1925"]
[BlackElo "2200"]
[PlyCount "52"]
[EventDate "1989.07.??"]
[EventType "swiss"]
[EventRounds "8"]
[EventCountry "ITA"]
[SourceTitle "EXT 2000"]
[Source "ChessBase"]
[SourceDate "1999.11.16"]
[SourceVersion "1"]
[SourceVersionDate "1999.11.16"]
[SourceQuality "1"]

1. e4 e5 2. Nc3 Nf6 3. Bc4 Nxe4 4. Qh5 Nd6 5. Bb3 Be7 6. Nf3 Nc6 7. Nxe5 g6 8. Nxc6 bxc6 9. Qf3 0-0 10. 0-0 Nf5 11. Ne2 d5 12. d4 Ba6 13. Re1 Re8 14. Be3 Nh4 15. Qg3 Bd6 16. Qg5 Qxg5 17. Bxg5 Nxg2 18. Kxg2 Bxe2 19. Bh4 Re4 20. Bg3 Rae8 21. Red1 Bxd1 22. Rxd1 Bxg3 23. hxg3 Kf8 24. Rd3 R8e6 25. Ba4 c5 26. Bd7 Rd6 0-1

[Event "Caorle op"]
[Site "Caorle"]
[Date "1988.??.??"]
[Round "2"]
[White "Romagnoli, Franco"]
[Black "Negra, Massimiliano"]
[Result "0-1"]
[WhiteElo "1940"]
[BlackElo "1955"]
[PlyCount "124"]
[EventDate "1988.??.??"]
[EventType "swiss"]
[EventRounds "8"]
[EventCountry "ITA"]
[SourceTitle "EXT 1999"]
[Source "ChessBase"]
[SourceDate "1998.11.16"]
[SourceVersion "1"]
[SourceVersionDate "1998.11.16"]
[SourceQuality "1"]

1. e4 e5 2. Nc3 Nc6 3. Bc4 Nf6 4. d3 Be7 5. f4 exf4 6. Bxf4 d6 7. Nf3 0-0 8. 0-0 Be6 9. Nd5 a6 10. Nxe7+ Nxe7 11. Bg5 Nd7 12. Bxe6 fxe6 13. Nd4 Rxf1+ 14. Qxf1 Nf8 15. Qf2 h6 16. Bh4 Qd7 17. Rf1 Neg6 18. Bg3 c5 19. Ne2 Nh7 20. Bxd6 Qxd6 21. Qf7+ Kh8 22. Qxg6 Nf6 23. h3 c4 24. d4 e5 25. c3 Rc8 26. Kh1 Qe7 27. d5 Kg8 28. Ng3 Qf7 29. Qf5 Re8 30. Qf2 Qg6 31. Qe3 b5 32. Nf5 Nh5 33. g3 Kh7 34. Rg1 Qf6 35. Rf1 Qg6 36. Rg1 Nf6 37. g4 Qg5 38. Qxg5 hxg5 39. Ng3 g6 40. Kg2 Kg7 41. Re1 Kf7 42. Nf1 Nd7 43. Nd2 Nc5 44. Nf3 Kf6 45. Re2 Nd3 46. Rd2 Rh8 47. Ng1 Ke7 48. Kg3 Nf4 49. Rh2 Kf6 50. Nf3 Nd3 51. h4 gxh4+ 52. Rxh4 Rxh4 53. Kxh4 a5 54. b3 cxb3 55. axb3 a4 56. bxa4 bxa4 57. Nd2 Nc5 58. Nb1 Nxe4 59. c4 Nc5 60. Na3 e4 61. Kg3 Ke5 62. Nc2 g5 0-1

[Event "Caorle op"]
[Site "Caorle"]
[Date "1988.??.??"]
[Round "4"]
[White "Romagnoli, Franco"]
[Black "Stavru, Alessandro"]
[Result "1-0"]
[WhiteElo "1940"]
[BlackElo "1900"]
[PlyCount "84"]
[EventDate "1988.??.??"]
[EventType "swiss"]
[EventRounds "8"]
[EventCountry "ITA"]
[SourceTitle "EXT 1999"]
[Source "ChessBase"]
[SourceDate "1998.11.16"]
[SourceVersion "1"]
[SourceVersionDate "1998.11.16"]
[SourceQuality "1"]

1. e4 c5 2. b4 cxb4 3. a3 e6 4. axb4 Bxb4 5. c3 Be7 6. d4 d6 7. f4 Nf6 8. Bd3 Nbd7 9. Nf3 e5 10. 0-0 0-0 11. Na3 a6 12. Nc4 exf4 13. Bxf4 d5 14. exd5 Nxd5 15. Bd2 b5 16. Nce5 Nxe5 17. Nxe5 Bb7 18. Bxh7+ Kxh7 19. Qh5+ Kg8 20. Rxf7 Rxf7 21. Qxf7+ Kh7 22. Qh5+ Kg8 23. Rf1 Nf6 24. Qf7+ Kh7 25. Rf4 Ne4 26. Qg6+ Kg8 27. Rf7 Bf6 28. Bh6 Qf8 29. Rxf8+ Rxf8 30. Nd7 Rf7 31. Nxf6+ Nxf6 32. Bxg7 Be4 33. Qh6 Rxg7 34. Qxf6 Bxg2 35. Qd8+ Kh7 36. Kf2 Bb7 37. Ke3 Rf7 38. d5 Kg7 39. Kd4 Rf5 40. Qe7+ Rf7 41. Qe5+ Kf8 42. d6 Bc8 1-0